| 000 | 00617nam a2200217Ia 4500 | ||
|---|---|---|---|
| 003 | OSt | ||
| 005 | 20230516145033.0 | ||
| 008 | 210423s2000 xx 000 0 und d | ||
| 040 | _cAL | ||
| 041 | _aeng | ||
| 082 |
_a361.1 _223 _bMADS |
||
| 100 |
_aMADAN (G R) _9105557 |
||
| 245 | _aSocial disorganisation and social recinstruction in india | ||
| 260 |
_aNew Delhi _bVistaar Publication _c2000 |
||
| 300 |
_a91 _bHB |
||
| 365 |
_b4 _cINR |
||
| 650 |
_aSocial Problems _9105558 |
||
| 650 |
_aSocial Problems & Services _9105559 |
||
| 906 | _adisorganisation ; india ; recinstruction ; Social | ||
| 942 |
_2ddc _cBK |
||
| 999 |
_c172221 _d172221 |
||